Elegías / (Record no. 122963)

MARC details
000 -LEADER
campo de control de longitud fija 00685nam a2200205 i 4500
001 - NÚMERO DE CONTROL
campo de control 122963
003 - IDENTIFICADOR DE NÚMERO DE CONTROL
campo de control ES-MaACL
005 - FECHA Y HORA DE LA ÚLTIMA TRANSACCIÓN
campo de control 20250628040754.0
007 - CAMPO FIJO DE DESCRIPCIÓN FÍSICA--INFORMACIÓN GENERAL
campo de control de longitud fija t|
008 - DATOS DE LONGITUD FIJA--INFORMACIÓN GENERAL
campo de control de longitud fija 070214s1963 sp r ||||0| spa d
080 ## - NÚMERO DE LA CLASIFICACIÓN DECIMAL UNIVERSAL
Número de la Clasificación Decimal Universal 821.124-14"-00"
100 1# - ENTRADA PRINCIPAL--NOMBRE DE PERSONA
Nombre de persona Propercio, Sexto Aurelio.
9 (RLIN) 94031
245 10 - MENCIÓN DEL TÍTULO
Título Elegías /
Mención de responsabilidad, etc. Propercio ; edición, traducción, introducción y notas de Antonio Tovar y María T. Belfiore Martire.
260 ## - PUBLICACIÓN, DISTRIBUCIÓN, ETC.
Lugar de publicación, distribución, etc. Barcelona :
Nombre del editor, distribuidor, etc. Alma mater,
Fecha de publicación, distribución, etc. 1963.
300 ## - DESCRIPCIÓN FÍSICA
Extensión XLVII, 259 p ;
Dimensiones 24 cm.
700 1# - ENTRADA AGREGADA--NOMBRE PERSONAL
Nombre de persona Tovar, Antonio,
Fechas asociadas al nombre 1911-1985
9 (RLIN) 111167
700 1# - ENTRADA AGREGADA--NOMBRE PERSONAL
Nombre de persona Belfiore Martire, María T.
9 (RLIN) 27155
852 ## - LOCALIZACIÓN
Ubicación ES-MaACL
Número de control de estantería C-24068
Sublocalización o colección R.52980
Holdings
Estatus retirado Estado de pérdida Estado de daño No para préstamo Biblioteca de origen Biblioteca actual Ubicación en estantería Fecha de adquisición Fuente de adquisición Total de préstamos Signatura topográfica completa Código de barras Visto por última vez Precio de reemplazo Tipo de ítem Koha
        Biblioteca del Ateneo de Madrid Biblioteca del Ateneo de Madrid Depósito 2 17/01/2008     C-24068 1128131 23/02/2023 23/02/2023 Libro impreso